00610nam a2200133Ia 4500008004100000100002200041245008700063245017700150260005300327260000900380300001100389650001500400856006100415170221s9999 xx 000 0 und d aViktor I. Abramov 4aThe Preconditions of Economic Management of Problematic Region in a Federal State  cViktor I. Abramov, Sofia Sh. Ostanina, Ekaterina L. Vodolazhskaya, Alexey D. Chudnovskiy, Maxim A. Suchkov, Larisa F. Zhandarova, Alla A. Rybolovleva, Guzel B. Sayfutdinova bInternational Review of Management and Marketing c2016 a6 : 2S xMarketing. uhttp://www.econjournals.com/index.php/irmm/issue/view/71